Nejdelší ekonomické cykly

Cyklické kolísanie hospodárskych aktivít po prvýkrát zaregistrované v 1. polovoci 19. storočia, keď britský priemysel zaznamenal výrazné poklesy v rokoch 1825 a 1836. Tvorcovia teórie dlhých vĺn - N.D. Kondraťjev a J.A. Schumpeter. Myšlienka dlhodobého cyklu. Kondraťjevove datovanie tzv. veľkých cyk...

Descrizione completa

Salvato in:
Dettagli Bibliografici
Autore principale: Dobrylovský, Jiří
Natura: Capitolo di libro
Lingua:ceco
Soggetti:
Tags: Aggiungi Tag
Nessun Tag, puoi essere il primo ad aggiungerne!!

MARC

LEADER 00000naa a2200000 4500
001 0259775
005 20191122095626.9
041 0 |a cze 
044 |a CZ 
245 1 0 |a Nejdelší ekonomické cykly  |c Jiří Dobrylovský 
520 |a Cyklické kolísanie hospodárskych aktivít po prvýkrát zaregistrované v 1. polovoci 19. storočia, keď britský priemysel zaznamenal výrazné poklesy v rokoch 1825 a 1836. Tvorcovia teórie dlhých vĺn - N.D. Kondraťjev a J.A. Schumpeter. Myšlienka dlhodobého cyklu. Kondraťjevove datovanie tzv. veľkých cyklov konjunktúry. Dlhodobé cykly v histórii. Chronológia dlhých vĺn podľa niektorých autorov. Otázky súvisiace s piatou K-vlnou. 
610 2 0 |a cykly hospodárske 
610 2 0 |a vývoj 
610 2 0 |a rozvoj hospodársky 
610 2 0 |a rast hospodársky 
610 2 0 |a recesia 
610 2 0 |a konjunktúra 
610 2 0 |a história 
610 2 0 |a ekonómovia 
100 1 |a Dobrylovský, Jiří